[Event "MEX-ch (Women)"]
[Site "Mexico City"]
[Date "2023.11.11"]
[Round "7"]
[White "Padilla Garcia, Cecilia Xasive"]
[Black "Castellanos Hernandez, Lhia Itzayana"]
[Result "1-0"]
[WhiteElo "1777"]
[BlackElo "1890"]
[PlyCount "75"]
[EventDate "2023.11.07"]
[EventType "swiss"]
[EventRounds "9"]
[EventCountry "MEX"]
[SourceTitle "CB47_2023"]
[SourceDate "2023.11.22"]
[SourceVersion "1"]
[SourceVersionDate "2023.11.22"]
[SourceQuality "1"]

1. e4 e5 2. f4 exf4 3. Nf3 g5 4. h4 g4 5. Ne5 h5 6. Bc4 Nh6 7. d4 d6 8. Nd3 Nc6 9. Nxf4 Qf6 10. Be3 Ne7 11. g3 Bd7 12. Nc3 0-0-0 13. Qd2 d5 14. Ncxd5 Nxd5 15. Bxd5 Bc6 16. e5 Bxd5 17. exf6 Bxh1 18. 0-0-0 Bf3 19. Re1 Nf5 20. Bf2 Rh6 21. Qd3 Nd6 22. a3 Rxf6 23. Nxh5 Bh6+ 24. Kb1 Rf5 25. Nf4 c5 26. Re5 Rxe5 27. dxe5 Ne4 28. Qb5 Nxf2 29. Qxc5+ Kb8 30. Qxf2 Rc8 31. Qd4 Bf8 32. Nd3 Kc7 33. Qxa7 Re8 34. Qa5+ Kb8 35. Qb5 Re6 36. Qd7 Be7 37. Qe8+ Kc7 38. Qxf7 1-0

[Event "Guillermo Garcia Memorial op"]
[Site "Santa Clara"]
[Date "2022.05.04"]
[Round "5"]
[White "Padilla Garcia, Cecilia Xasive"]
[Black "Velazquez Rivera, Pedro J"]
[Result "1-0"]
[WhiteElo "1834"]
[BlackElo "1732"]
[PlyCount "119"]
[EventDate "2022.04.30"]
[EventType "swiss"]
[EventRounds "9"]
[EventCountry "CUB"]
[SourceTitle "CBM 208 Extra"]
[Source "ChessBase"]
[SourceDate "2022.07.31"]
[SourceVersion "1"]
[SourceVersionDate "2022.07.31"]
[SourceQuality "1"]

1. e4 e6 2. d4 d5 3. Bd3 c5 4. c3 cxd4 5. cxd4 dxe4 6. Bxe4 Nf6 7. Bf3 Nc6 8. Ne2 e5 9. Bxc6+ bxc6 10. 0-0 e4 11. Nbc3 Bb4 12. Qa4 Qb6 13. Bg5 Be7 14. Bxf6 Bxf6 15. Nd5 Qb7 16. Nxf6+ gxf6 17. d5 0-0 18. Qxc6 Qxc6 19. dxc6 Ba6 20. Rfe1 Rac8 21. Ng3 Rxc6 22. Nxe4 Rc2 23. Nxf6+ Kg7 24. Ne8+ Kg6 25. b4 Be2 26. Nd6 Rd8 27. Ne4 Rd4 28. Ng3 Bc4 29. a3 f5 30. Rec1 Rdd2 31. Rxc2 Rxc2 32. Nf1 f4 33. g3 fxg3 34. hxg3 Be2 35. Ne3 Rc6 36. Nd5 Kg5 37. Kg2 Rc2 38. Ne3 Rb2 39. Rc1 Ra2 40. Rc3 a6 41. Rc2 Rxc2 42. Nxc2 Kf6 43. f4 Ke7 44. Kf2 Bd1 45. Nd4 Kd6 46. Ke3 Bg4 47. Nf3 Kd5 48. Ne5 Bh5 49. g4 Be8 50. Nd3 Kc4 51. Nc5 a5 52. Nb7 Kb3 53. bxa5 Ka4 54. a6 Bc6 55. Kd4 Kb5 56. Nc5 Kb6 57. a4 Bf3 58. g5 Bg4 59. a5+ Ka7 60. Ke5 1-0

[Event "Guillermo Garcia Memorial op 28th"]
[Site "Santa Clara"]
[Date "2019.04.25"]
[Round "3"]
[White "Padilla Garcia, Cecilia Xasive"]
[Black "Bueno Gauna, Christian Alejandro"]
[Result "0-1"]
[WhiteElo "1835"]
[BlackElo "2067"]
[PlyCount "148"]
[EventDate "2019.04.23"]
[EventType "swiss"]
[EventRounds "9"]
[EventCountry "CUB"]
[SourceTitle "EXT 2020"]
[Source "ChessBase"]
[SourceDate "2019.10.17"]
[SourceVersion "1"]
[SourceVersionDate "2019.10.17"]
[SourceQuality "1"]

1. e4 c5 2. Nf3 d6 3. d4 cxd4 4. Nxd4 Nf6 5. Nc3 a6 6. h3 e5 7. Nde2 b5 8. Bg5 Nbd7 9. Qd2 h6 10. Be3 Bb7 11. Ng3 g6 12. 0-0-0 h5 13. f3 h4 14. Nge2 Be7 15. Kb1 Nb6 16. Nc1 b4 17. Bxb6 Qxb6 18. Nd5 Bxd5 19. exd5 Kf8 20. Bc4 Kg7 21. Rhf1 a5 22. Nd3 Qd4 23. b3 Nxd5 24. Bxd5 Qxd5 25. Qe3 Qc6 26. Nb2 Rac8 27. Qd3 d5 28. Rf2 Bc5 29. Re2 Bd4 30. Na4 Rc7 31. Rf1 g5 32. Rd1 Rhc8 33. Rf1 Qg6 34. Qd1 Qa6 35. Rh1 Qc6 36. Qd3 Qg6 37. Qd1 Rd8 38. Rf1 Qa6 39. Rh1 Qg6 40. Rf1 f6 41. Rh1 Rd6 42. Rf1 Qf5 43. Rh1 Qg6 44. Rf1 Bc3 45. Rh1 d4 46. Qd3 Qxd3 47. cxd3 Kf7 48. Rf1 Rdc6 49. Rff2 Kg6 50. Rf1 Re7 51. Rh1 f5 52. Rf1 Kf6 53. Rff2 Ree6 54. Rf1 Ke7 55. Rff2 Kd6 56. Rf1 Kd5 57. Rff2 Rf6 58. Rf1 Rce6 59. Kc2 e4 60. fxe4+ fxe4 61. Rxf6 exd3+ 62. Kxd3 Rxf6 63. a3 bxa3 64. Nxc3+ dxc3 65. Kxc3 Re6 66. Rf2 Re3+ 67. Kc2 Rg3 68. Re2 Kd4 69. Rd2+ Kc5 70. Re2 Kd4 71. Rd2+ Ke4 72. Re2+ Kf4 73. Rf2+ Ke3 74. Rd2 a2 0-1

[Event "Guillermo Garcia Memorial op 27th"]
[Site "Santa Clara"]
[Date "2018.05.30"]
[Round "8"]
[White "Padilla Garcia, Cecilia Xasive"]
[Black "Rodriguez Patino, Isabela"]
[Result "1/2-1/2"]
[WhiteElo "1821"]
[BlackElo "1244"]
[PlyCount "61"]
[EventDate "2018.05.22"]
[EventType "swiss"]
[EventRounds "9"]
[EventCountry "CUB"]
[SourceTitle "CBM 184 Extra"]
[Source "ChessBase"]
[SourceDate "2018.06.28"]
[SourceVersion "1"]
[SourceVersionDate "2018.06.28"]
[SourceQuality "1"]

1. e4 c5 2. Nf3 d6 3. d4 cxd4 4. Nxd4 Nf6 5. Nc3 g6 6. f3 Bg7 7. Be3 0-0 8. Qd2 Nc6 9. 0-0-0 d5 10. exd5 Nxd5 11. Nxc6 bxc6 12. Nxd5 cxd5 13. Qxd5 Qc7 14. Qc5 Qb7 15. Bd4 Bf5 16. Qb5 Qc7 17. Qc5 Qxc5 18. Bxc5 Rfc8 19. b4 a5 20. Bd3 axb4 21. Bxb4 Rxa2 22. Kd2 Bh6+ 23. Ke2 Bxd3+ 24. Kxd3 Raxc2 25. Bd2 Rxd2+ 26. Rxd2 Bxd2 27. Kxd2 Ra8 28. Ke3 Kg7 29. g4 Kf6 30. Kf4 Ra4+ 31. Kg3 1/2-1/2

[Event "Guillermo Garcia Memorial op 27th"]
[Site "Santa Clara"]
[Date "2018.05.24"]
[Round "3"]
[White "Rodriguez Hernandez, Luis Daniel"]
[Black "Padilla Garcia, Cecilia Xasive"]
[Result "1-0"]
[WhiteElo "2346"]
[BlackElo "1821"]
[PlyCount "51"]
[EventDate "2018.05.22"]
[EventType "swiss"]
[EventRounds "9"]
[EventCountry "CUB"]
[SourceTitle "CBM 184 Extra"]
[Source "ChessBase"]
[SourceDate "2018.06.28"]
[SourceVersion "1"]
[SourceVersionDate "2018.06.28"]
[SourceQuality "1"]

1. e4 c5 2. Nf3 e6 3. d4 cxd4 4. Nxd4 a6 5. Bd3 Nc6 6. Nxc6 bxc6 7. 0-0 d5 8. c4 Nf6 9. Nc3 Be7 10. exd5 cxd5 11. cxd5 Nxd5 12. Be4 Bb7 13. Qa4+ Qd7 14. Qxd7+ Kxd7 15. Rd1 Rhd8 16. Nxd5 exd5 17. Bxd5 Bxd5 18. Rxd5+ Ke8 19. Rxd8+ Rxd8 20. Bf4 Bf6 21. Re1+ Kd7 22. b3 Kc6 23. Kf1 Kb5 24. Rc1 Rd7 25. Rc4 Rd4 26. a4+ 1-0

[Event "Guillermo Garcia Memorial op 27th"]
[Site "Santa Clara"]
[Date "2018.05.23"]
[Round "2"]
[White "Padilla Garcia, Cecilia Xasive"]
[Black "Gonzalez Grave de Peralta, Raul"]
[Result "1/2-1/2"]
[WhiteElo "1821"]
[BlackElo "2211"]
[PlyCount "78"]
[EventDate "2018.05.22"]
[EventType "swiss"]
[EventRounds "9"]
[EventCountry "CUB"]
[SourceTitle "CBM 184 Extra"]
[Source "ChessBase"]
[SourceDate "2018.06.28"]
[SourceVersion "1"]
[SourceVersionDate "2018.06.28"]
[SourceQuality "1"]

1. e4 c5 2. Nf3 d6 3. d4 Nf6 4. Nc3 cxd4 5. Nxd4 a6 6. Be2 e6 7. Be3 Qc7 8. Qd2 b5 9. a3 Bb7 10. f3 Nc6 11. Rd1 Rd8 12. Nxc6 Bxc6 13. 0-0 Be7 14. Bd3 d5 15. exd5 Nxd5 16. Nxd5 Rxd5 17. Qf2 0-0 18. f4 Rfd8 19. Bb6 Qb7 20. Bxd8 Bc5 21. Ba5 Bxf2+ 22. Rxf2 f6 23. Re1 Kf7 24. Rfe2 Qd7 25. Rxe6 Qxe6 26. Rxe6 Kxe6 27. Bxh7 f5 28. Bg8+ Kd7 29. Bxd5 Bxd5 30. Bc3 g6 31. Bd4 a5 32. Bb6 a4 33. h3 Kc6 34. Ba5 Be4 35. c3 Kd5 36. Kf2 Bd3 37. g4 Ke4 38. Kg3 Bf1 39. h4 Be2 1/2-1/2

[Event "Guillermo Garcia Memorial op 27th"]
[Site "Santa Clara"]
[Date "2018.05.22"]
[Round "1"]
[White "Lemus Morales, Diego Enrique"]
[Black "Padilla Garcia, Cecilia Xasive"]
[Result "0-1"]
[WhiteElo "2160"]
[BlackElo "1821"]
[PlyCount "170"]
[EventDate "2018.05.22"]
[EventType "swiss"]
[EventRounds "9"]
[EventCountry "CUB"]
[SourceTitle "CBM 184 Extra"]
[Source "ChessBase"]
[SourceDate "2018.06.28"]
[SourceVersion "1"]
[SourceVersionDate "2018.06.28"]
[SourceQuality "1"]

1. e4 c5 2. Nf3 e6 3. d4 cxd4 4. Nxd4 a6 5. Bd3 Nc6 6. Be3 Ne5 7. 0-0 Nf6 8. Nd2 Nxd3 9. cxd3 d5 10. e5 Nd7 11. f4 Be7 12. Qg4 0-0 13. N2f3 Nc5 14. Rad1 Bd7 15. Nc2 Bb5 16. Bxc5 Bxc5+ 17. Kh1 Rc8 18. Ncd4 Bd7 19. f5 exf5 20. Nxf5 g6 21. Nh6+ Kg7 22. Qf4 Be7 23. Ng4 Bxg4 24. Qxg4 Qb6 25. Nd4 Rce8 26. e6 f6 27. Rf3 Bc5 28. e7 Rf7 29. Ne6+ Kg8 30. d4 Bxe7 31. Nf4 Qb5 32. Rb3 Qc6 33. Rc3 Qb5 34. Rb3 Qc6 35. Rc3 Qb5 36. Rb3 Qc6 37. Rg3 f5 38. Qf3 Rd8 39. Qe2 Qc4 40. Qe6 Qc6 41. Qxc6 bxc6 42. Rc3 Rd6 43. Nd3 Bf6 44. Nb4 Rc7 45. Nxa6 Rb7 46. Rc2 Kf7 47. a3 Re7 48. g3 Re4 49. Rcd2 Ke7 50. Nc5 Re3 51. Kg2 Rd8 52. Kf2 Bg5 53. Rd3 Rxd3 54. Rxd3 Rb8 55. b4 Bc1 56. Rb3 Kd6 57. Nd3 Bg5 58. a4 Bf6 59. Ne5 Bxe5 60. dxe5+ Kxe5 61. b5 cxb5 62. axb5 Kd4 63. Rb1 Rb6 64. Kf3 Kc5 65. Kf4 Rxb5 66. Rc1+ Kd6 67. Kg5 d4 68. Rc8 Rb7 69. Kf4 Kd5 70. h4 Re7 71. h5 Re4+ 72. Kg5 Rg4+ 73. Kf6 gxh5 74. Kxf5 Rxg3 75. Rc7 h4 76. Rxh7 h3 77. Kf4 Re3 78. Rd7+ Kc4 79. Rc7+ Kd3 80. Rh7 Kd2 81. Ra7 Rc3 82. Ke4 d3 83. Rh7 Kc2 84. Rxh3 d2 85. Rh2 Kc1 0-1

[Event "Guillermo Garcia Memorial op 24th"]
[Site "Santa Clara"]
[Date "2015.06.09"]
[Round "7"]
[White "De la O Montalvo, Carolina"]
[Black "Padilla Garcia, Cecilia Xasive"]
[Result "1/2-1/2"]
[WhiteElo "1743"]
[BlackElo "1785"]
[PlyCount "30"]
[EventDate "2015.06.03"]
[EventType "swiss"]
[EventRounds "9"]
[EventCountry "CUB"]
[SourceTitle "CBM 167 Extra"]
[Source "ChessBase"]
[SourceDate "2015.09.14"]
[SourceVersion "1"]
[SourceVersionDate "2015.09.14"]
[SourceQuality "1"]

1. d4 Nf6 2. Nf3 g6 3. c4 d5 4. cxd5 Nxd5 5. Nc3 Nxc3 6. bxc3 Bg7 7. Bb2 c5 8. e3 Nc6 9. Bb5 Qa5 10. Bxc6+ bxc6 11. 0-0 Bg4 12. h3 Bxf3 13. Qxf3 0-0 14. Rfb1 cxd4 15. cxd4 c5 1/2-1/2

[Event "Guillermo Garcia Memorial op 24th"]
[Site "Santa Clara"]
[Date "2015.06.06"]
[Round "4"]
[White "Zamora Monascal, Petter David"]
[Black "Padilla Garcia, Cecilia Xasive"]
[Result "1/2-1/2"]
[WhiteElo "1944"]
[BlackElo "1785"]
[PlyCount "132"]
[EventDate "2015.06.03"]
[EventType "swiss"]
[EventRounds "9"]
[EventCountry "CUB"]
[SourceTitle "CBM 167 Extra"]
[Source "ChessBase"]
[SourceDate "2015.09.14"]
[SourceVersion "1"]
[SourceVersionDate "2015.09.14"]
[SourceQuality "1"]

1. e4 e5 2. Nf3 Nc6 3. Bc4 Be7 4. d3 Nf6 5. Qe2 d6 6. c3 Na5 7. Bb5+ c6 8. Ba4 b5 9. Bc2 0-0 10. 0-0 Rb8 11. Nbd2 Ne8 12. b4 Nb7 13. a4 a6 14. d4 Qc7 15. Bb2 Nd8 16. dxe5 dxe5 17. c4 f6 18. c5 bxa4 19. Rxa4 a5 20. Bc3 axb4 21. Bxb4 Ne6 22. Qc4 Kh8 23. Rd1 Qb7 24. Bd3 N8c7 25. Rda1 Nb5 26. Nb3 Rd8 27. Ba5 Nec7 28. Bb6 Be6 29. Qc2 Rd7 30. Na5 Qa8 31. Bf1 Rbd8 32. Bxb5 cxb5 33. c6 bxa4 34. cxd7 Rxd7 35. Bxc7 Qc8 36. Rc1 Bd8 37. Qxa4 Bxc7 38. Qc6 Qd8 39. h3 Rd1+ 40. Rxd1 Qxd1+ 41. Kh2 Bxa5 42. Qxe6 Qd8 43. Nh4 Be1 44. Nf5 Bb4 45. Qf7 Qf8 46. Qb7 g6 47. Ne3 Bc5 48. Nd5 Bxf2 49. Qd7 Bc5 50. Nc7 Qe7 51. Qc8+ Qf8 52. Qe6 Qe7 53. Qc8+ Qf8 54. Qa6 Qd6 55. Qa8+ Qf8 56. Qc6 Qd6 57. Qa8+ Qf8 58. Qc6 Qd6 59. Qa8+ Qf8 60. Qd5 Qd6 61. Qa8+ Qf8 62. Qc6 Qd6 63. Qe8+ Qf8 64. Qe6 Qe7 65. Qc6 Qd6 66. Qb7 Qe7 1/2-1/2

[Event "MEX-ch U26 (Women)"]
[Site "Puebla"]
[Date "2014.04.29"]
[Round "5.8"]
[White "Aquino Flores, Angelica Amaranta"]
[Black "Padilla Garcia, Cecilia Xasive"]
[Result "1/2-1/2"]
[WhiteElo "1855"]
[BlackElo "1835"]
[PlyCount "67"]
[EventDate "2014.04.28"]
[EventType "swiss"]
[EventRounds "6"]
[EventCountry "MEX"]
[SourceTitle "CBM 160 Extra"]
[Source "ChessBase"]
[SourceDate "2014.07.01"]
[SourceVersion "1"]
[SourceVersionDate "2014.07.01"]
[SourceQuality "1"]

1. e4 e5 2. Nf3 Nc6 3. Bc4 Be7 4. c3 Nf6 5. d3 0-0 6. 0-0 d5 7. Bb3 b6 8. Re1 Bg4 9. Nbd2 Na5 10. Bc2 c5 11. h3 Bh5 12. Nf1 Nc6 13. Ng3 Bg6 14. Nh4 Nd7 15. Nhf5 Qc7 16. Ba4 Bf6 17. Qg4 Rad8 18. h4 Bxf5 19. Nxf5 Kh8 20. Bg5 g6 21. Ne3 Bxg5 22. hxg5 Ne7 23. Qh4 f6 24. Ng4 fxg5 25. Qxg5 Ng8 26. Re3 Ndf6 27. Rh3 Nxg4 28. Qxg4 Qf7 29. Qg3 Qf6 30. Bb3 Kg7 31. Rf1 Qf4 32. Qe3 Qxe3 33. Rxe3 Nf6 34. Rf3 1/2-1/2

[Event "MEX ol U12 Girls"]
[Site "Guanajuato"]
[Date "2002.07.16"]
[Round "5"]
[White "Padilla Garcia, Cecilia Xasive"]
[Black "Ramirez Farias, Carla Nayeli"]
[Result "1/2-1/2"]
[WhiteElo "1544"]
[BlackElo "1544"]
[PlyCount "46"]
[EventDate "2002.07.13"]
[EventType "swiss"]
[EventRounds "6"]
[EventCountry "MEX"]
[SourceTitle "EXT 2003"]
[Source "ChessBase"]
[SourceDate "2002.11.25"]
[SourceVersion "1"]
[SourceVersionDate "2002.11.25"]
[SourceQuality "1"]

1. e4 e5 2. Nf3 Nc6 3. Bc4 Bc5 4. 0-0 Nf6 5. Nc3 d6 6. Nd5 Bg4 7. d3 h6 8. Be3 Qd7 9. h3 Be6 10. Bb5 Bxd5 11. exd5 Nxd5 12. Bxc5 dxc5 13. Nxe5 Qd6 14. Nxc6 bxc6 15. Re1+ Ne7 16. Qf3 0-0 17. Bc4 Rae8 18. d4 cxd4 19. Bd3 Qd5 20. Be4 Qd6 21. Rad1 Qb4 22. Qa3 Qxa3 23. bxa3 f5 1/2-1/2